000 00303 a2200133 4500
999 _c324859
_d324859
001 89786
003 NUST
082 _a894.3534 SHA
100 _aShafak Elif
_99827
245 _aThe flea palace
260 _aLondon
_bPenguin Books
_c2005
300 _a448p.
500 _aGeneral Books
942 _aCAE NUST
_cBK
_k894.3534 SHA
_2ddc